| 000 | 01287cam a2200313 a 4500 | ||
|---|---|---|---|
| 999 |
_c4452 _d4452 |
||
| 001 | 12429211 | ||
| 003 | GZU | ||
| 005 | 20210316100004.0 | ||
| 008 | 010601s2001 enka b 001 0 eng | ||
| 010 | _a 2001271114 | ||
| 020 | _a0761969500 | ||
| 020 | _a0761969519 (pbk) | ||
| 040 |
_aDLC _cDLC _dDLC |
||
| 050 | 0 | 0 |
_aQA135.6 _b.H39 2001 |
| 082 | 0 | 0 |
_a372.7/044 _221 |
| 100 | 1 | _aHaylock, Derek. | |
| 245 | 1 | 0 |
_aMathematics explained for primary teachers / _cDerek Haylock. |
| 250 | _a2nd ed. | ||
| 260 |
_aLondon : _bP. Chapman Pub. ; _aThousand Oaks, Calif. : _bSAGE Publications, _c2001. |
||
| 300 |
_ax, 306 p. : _bill. ; _c25 cm. |
||
| 504 | _aIncludes bibliographical references (p. 8) and index. | ||
| 650 | 0 |
_aMathematics _xStudy and teaching (Elementary) |
|
| 856 | 4 | 2 |
_3Publisher description _uhttp://www.loc.gov/catdir/enhancements/fy0658/2001271114-d.html |
| 856 | 4 | 1 |
_3Table of contents only _uhttp://www.loc.gov/catdir/enhancements/fy0658/2001271114-t.html |
| 856 | 4 | 2 |
_3Contributor biographical information _uhttp://www.loc.gov/catdir/enhancements/fy1008/2001271114-b.html |
| 906 |
_a7 _bcbc _corigcop _d3 _encip _f20 _gy-gencatlg |
||
| 942 |
_2lcc _cBK _e2nd ed _h135.5 _iHAY _kQA |
||